书目信息 |
| 题名: |
电梯技术
|
|
| 作者: | 于磊 , 刘勇 主编 | |
| 分册: | ||
| 出版信息: | 北京 北京理工大学出版社 2014 |
|
| 页数: | 185页 | |
| 开本: | 26cm | |
| 丛书名: | ||
| 单 册: | ||
| 中图分类: | TU857 | |
| 科图分类: | ||
| 主题词: | 电梯--技术 , 电梯 | |
| 电子资源: | ||
| ISBN: | 978-7-5640-8757-9 | |
| 000 | 00809nam0 2200241 450 | |
| 001 | 142535 | |
| 005 | 20141221164146.92 | |
| 010 | @a978-7-5640-8757-9@dCNY 39.00 | |
| 100 | @a20140326d2014 em y0chiy50 ea | |
| 101 | 0 | @achi |
| 102 | @aCN@b110000 | |
| 105 | @aa z 000yy | |
| 200 | 1 | @a电梯技术@9dian ti ji shu@b专著@f刘勇,于磊主编 |
| 210 | @a北京@c北京理工大学出版社@d2014 | |
| 215 | @a185页@c图@d26cm | |
| 330 | @a本书共有7章:第1章电梯概论、第2章电梯的组成及运行结构、第3章电梯的安全装置及保护系统、第4章电梯的动力拖动与电气控制、第5章电梯的安装与维修、第6章自动扶梯与人行道、第7章电梯的安全操作与常规保养。 | |
| 606 | 0 | @a电梯@x技术 |
| 606 | 0 | @a电梯 |
| 690 | @aTU857@v5 | |
| 701 | 0 | @a于磊@9yu lei@4主编 |
| 701 | 0 | @a刘勇@9liu yong@4主编 |
| 801 | 0 | @c20141221 |
| 905 | @a241430@dTU857@eL712 | |
| 电梯技术/刘勇,于磊主编.-北京:北京理工大学出版社,2014 |
| 185页:图;26cm |
| ISBN 978-7-5640-8757-9:CNY 39.00 |
| 本书共有7章:第1章电梯概论、第2章电梯的组成及运行结构、第3章电梯的安全装置及保护系统、第4章电梯的动力拖动与电气控制、第5章电梯的安装与维修、第6章自动扶梯与人行道、第7章电梯的安全操作与常规保养。 |
| ● |
| 相关链接 |
|
|
|
正题名:电梯技术
索取号:TU857/L712
 
预约/预借
| 序号 | 登录号 | 条形码 | 馆藏地/架位号 | 状态 | 备注 |
| 1 | 1135201 | 211352016 | 建筑库201/201建筑库 55排7列1层/ [索取号:TU857/L712] | 在馆 | |
| 2 | 1135202 | 211352025 | 建筑库201/201建筑库 55排7列1层/ [索取号:TU857/L712] | 在馆 |